Normal view MARC view
  • Microcomputers

Entry Topical Term

Number of records used in: 2

001 - CONTROL NUMBER

  • control field: 99254

003 - CONTROL NUMBER IDENTIFIER

  • control field: NUST

005 - DATE AND TIME OF LATEST TRANSACTION

  • control field: 20221006113207.0

008 - FIXED-LENGTH DATA ELEMENTS

  • fixed length control field: 221006|| aca||aabn | a|a d

040 ## - CATALOGING SOURCE

  • Original cataloging agency: NUST
  • Transcribing agency: NUST

150 ## - HEADING--TOPICAL TERM

  • Topical term or geographic name entry element: Microcomputers
  • General subdivision: Design and construction

670 ## - SOURCE DATA FOUND

  • Source citation: Work cat.: (NUST)188953: Rafiquzzaman, Mohamed. 95105, Fundamentals of digital logic and microcomputer design /, c2005.
© 2023 Central Library, National University of Sciences and Technology. All Rights Reserved.